Fundamentals of molercular evolution

שמור ב:
מידע ביבליוגרפי
מחבר ראשי: DAN GRAUR
פורמט: ספר
שפה:Undetermined
יצא לאור: Saunderland, Masachusetts Sinauer Associates 1999
נושאים:
תגים: הוספת תג
אין תגיות, היה/י הראשונ/ה לתייג את הרשומה!
Thư viện lưu trữ: Trung tâm Học liệu Trường Đại học Cần Thơ
LEADER 00483nam a2200169Ia 4500
001 CTU_48937
008 210402s9999 xx 000 0 und d
082 |a 572.838 
082 |b G774 
100 |a DAN GRAUR 
245 0 |a Fundamentals of molercular evolution 
245 0 |c DAN GRAUR, Wen-Hsiung Li 
260 |a Saunderland, Masachusetts 
260 |b Sinauer Associates 
260 |c 1999 
650 |a molecular evolution 
980 |a Trung tâm Học liệu Trường Đại học Cần Thơ